METHODS and approaches in forest history

Bibliographic Details
Corporate Author: The International Union of Forestry Research Organizations (IUFRO)
Other Authors: Agnoletti, Anderson (Steven)] , 1956-
Format: Book
Published: Oxon, UK; Vienna, Austria : CABI Pub.; IUFRO , 2000
Series:IUFRO research series; no. 3
Subjects:

MARC

LEADER 00000cam a2200000 7i4500
001 0000002554
005 20030806.0
020 0 0 |a 0851994202 
090 0 0 |a R634.909   |b MET 2000 
245 0 0 |a METHODS and approaches in forest history   |c edited by M. Agnoletti and S. Anderson 
260 0 0 |a Oxon, UK; Vienna, Austria :   |b CABI Pub.; IUFRO ,   |c 2000 
300 |a xiii, 281 p. :   |b ill. ;   |c 24 cm. 
440 0 0 |a IUFRO research series; no. 3 
500 0 0 |a Includes bibliographical and index 
650 0 0 |a Forest ecology   |x Congresses 
650 0 0 |a Forest management   |x Congresses 
650 0 0 |a Forests and forestry   |x Congresses 
700 0 1 |a Agnoletti   |h Mauro 
700 0 1 |a Anderson   |h S. [  |q (Steven)] ,   |c 1956- 
710 1 1 |a The International Union of Forestry Research Organizations (IUFRO) 
998 |a JPSM 
999 |a 0000004961   |b Monograph   |c Reference   |e Default branch